Índice general de la legislación de la República Dominicana año 2011 : (Registro nro. 37492)
[ vista simple ]
| 000 -CABECERA | |
|---|---|
| campo de control de longitud fija | 00584nam a2200157 a 4500 |
| 001 - NÚMERO DE CONTROL | |
| campo de control | 000038002 |
| 005 - FECHA Y HORA DE LA ÚLTIMA TRANSACCIÓN | |
| campo de control | 20201002031141.0 |
| 008 - DATOS DE LONGITUD FIJA--INFORMACIÓN GENERAL | |
| campo de control de longitud fija | 130312s2012 dr 000 0 spa d |
| 040 ## - FUENTE DE LA CATALOGACIÓN | |
| Centro catalogador/agencia de origen | DO-SdBNP |
| Lengua de catalogación | spa |
| Centro/agencia transcriptor | BNPHU |
| 110 1# - ENTRADA PRINCIPAL--NOMBRE DE ENTIDAD CORPORATIVA | |
| Nombre de entidad corporativa o nombre de jurisdicción como elemento de entrada | República Dominicana |
| 9 (RLIN) | 447 |
| 245 10 - MENCIÓN DE TÍTULO | |
| Título | Índice general de la legislación de la República Dominicana año 2011 : |
| Resto del título | período del gobierno constitucional del Dr. Leonel Fernández /. |
| 246 10 - FORMA VARIANTE DE TÍTULO | |
| Título propio/Titulo breve | Índice legislativo |
| 260 ## - PUBLICACIÓN, DISTRIBUCIÓN, ETC. | |
| Lugar de publicación, distribución, etc. | Santo Domingo : |
| Nombre del editor, distribuidor, etc. | Consultoría Jurídica del Poder Ejecutivo., |
| Fecha de publicación, distribución, etc. | 2012. |
| 300 ## - DESCRIPCIÓN FÍSICA | |
| Extensión | 435 p. ; |
| Dimensiones | 22 cm. |
| 500 ## - NOTA GENERAL | |
| Nota general | Edición oficial |
| Estado de retiro | Estado de pérdida | No para préstamo | Código de colección | Localización permanente | Ubicación/localización actual | Ubicación en estantería | Fecha de adquisición | Número de inventario | Total de préstamos | Signatura topográfica completa | Código de barras | Fecha visto por última vez | Número de copia | Precio válido a partir de | Tipo de ítem Koha |
|---|---|---|---|---|---|---|---|---|---|---|---|---|---|---|---|
| Excluido de préstamo | Patrimonio Dominicano | General | General | En catalogación | 12.03.2013 | LF1 | 38002-30 | 25.06.2020 | e. 2 | 25.06.2020 | Libro y Folleto Colección Patrimonio Dominicano | ||||
| Excluido de préstamo | Patrimonio Dominicano | Patrimonio Dominicano | Patrimonio Dominicano | En catalogación | 12.03.2013 | LF1 | 38002-10 | 25.06.2020 | e. 2 | 25.06.2020 | Libro y Folleto Colección Patrimonio Dominicano | ||||
| Excluido de préstamo | Patrimonio Dominicano | Patrimonio Dominicano | Patrimonio Dominicano | En catalogación | 12.03.2013 | LF1 | 38002-20 | 25.06.2020 | 25.06.2020 | Libro y Folleto Colección Patrimonio Dominicano |
